Podmínky pro obchodování a investování v Maďarské republice

Na minha lista:
Detalhes bibliográficos
Autor principal: Hrušková, Olga
Formato: Livro
Idioma:tcheco
Publicado em: Praha Centrum vnějších ekonomických vztahů 1993
Edição:1. vyd.
Assuntos:
Tags: Adicionar Tag
Sem tags, seja o primeiro a adicionar uma tag!

MARC

LEADER 00000nam a2200000 4500
001 c021549
005 20221206074903.4
041 0 |a cze 
044 |a CZ 
245 1 0 |a Podmínky pro obchodování a investování v Maďarské republice  |c Olga Hrušková 
250 |a 1. vyd. 
264 1 |a Praha  |b Centrum vnějších ekonomických vztahů  |c 1993 
300 |a 34 s. 
610 2 0 |a obchod zahraničný 
610 2 0 |a vývoj hospodársky 
610 2 0 |a Maďarsko 
610 2 0 |a investície 
610 2 0 |a kapitál zahraničný 
610 2 0 |a podnik spoločný 
610 2 0 |a vzťahy hospodárske medzinárodné 
100 1 |a Hrušková, Olga